A música dos pequenos grilos (Registo nº 2602)

Detalhes MARC
000 -Etiqueta do registo
Cabeçalho 00907nam a22003131 4500
005 - Identificador da versão
Campo de controlo 20240813121939.0
010 ## - Número internacional normalizado dos livros (ISBN)
Número (ISBN) 9720700777
021 ## - Número do Depósito Legal
Código do país PT
Número 219014/04
100 ## - Dados gerais de processamento
Dados gerais de processamento 20061007d2005 c y0pory5003 ba
102 ## - Pais de publicação ou produção
País de publicação Portugal
101 1# - Língua de publicação
Língua do texto, banda sonora, etc. Português
Língua do documento no original Inglês
106 ## - Campo de dados codificados: material textual
Dados codificados do material textual r
105 ## - Campo de dados codificados: livros
Dados codificados dos livros a z 000fy
215 ## - Descrição física 
Indicação específica da natureza do documento e extensão da espécie [12] p.
Outras indicações físicas todo il.
Dimensões 24 cm
200 1# - Titulo e menção de responsabilidade
Título próprio A música dos pequenos grilos
Primeira menção de responsabilidade Joanne Barkan
Outras menções de responsabilidade il. Claudine Gévry
-- trad. Diditrad
225 2# - Colecção 
Título próprio da colecção Mundo mágico
205 ## - Menção da edição
Menção da edição [1ª ed.]
210 ## - Publicação, Distribuição, etc. 
Lugar da edição, distribuição, etc. Porto
Nome do editor, distribuidor, etc. Porto Editora
Data da publicação, distribuição, etc. 2005
304 ## - Notas relativas a título e menção de responsabilidade 
Texto da nota Tít. orig.: Little Cricket's Song
606 ## - Nome comum usado como assunto
Número de registo de entrada de autoridade 0000029
Palavra de ordem Literatura portuguesa infantil
Subdivisão de assunto Conto
675 ## - Classificação Decimal Universal (CDU)
Notação 821.134.3-34
Edição
Língua da edição por
702 #1 - Nome de autor-pessoa física (responsabilidade secundária)
Número de registo de entrada de autoridade 0001392
Palavra de ordem Gévry
Outra parte do nome não tomada para palavra de ordem Claudine
Código de função Ilustrador / Técnico de desenho computorizado
712 02 - Nome de colectividade-autor (responsabilidade secundária)
Número de registo de entrada de autoridade 0001393
Palavra de ordem Digitrad
Código de função Tradutor
700 #1 - Nome de autor-pessoa física (responsabilidade principal)
Número de registo de entrada de autoridade 0001391
Palavra de ordem Barkan
Outra parte do nome não tomada para palavra de ordem Joanne
942 ## - Elementos de entrada adicionados (Koha)
Tipo de item no Koha Livro
Exemplares
Situação do levantamento Origin of item (home branch) (coded) Biblioteca de empréstimo Código de barras Cota Circulation type (not for loan) Tipo de documento Nota do exemplar Damaged status
  Biblioteca Escolar da Coca Maravilhas Biblioteca Escolar da Coca Maravilhas BECM7448/06 8POR BAR   Livro Sem mensagem